| 000 | 00696nam a2200265Ia 4500 | ||
|---|---|---|---|
| 003 | OSt | ||
| 005 | 20250701140707.0 | ||
| 008 | 210210b2010 xxu||||| |||| 00| 0 eng d | ||
| 020 | _a9788184571776 | ||
| 040 | _cAL | ||
| 041 | _aeng | ||
| 082 | _a302.2 BELC | ||
| 100 |
_aBel Bernard _9216719 |
||
| 245 | _aCommunication culture and confrontation | ||
| 260 |
_aNew Delhi _bSage Publications India Pvt. Limited. _c2010 |
||
| 300 | _axxiv,474 | ||
| 650 |
_aculture _9216720 |
||
| 650 |
_aconfrontation _9216721 |
||
| 650 |
_aCommunication _9216722 |
||
| 650 |
_aand _9216723 |
||
| 690 |
_aCommunication _9216722 |
||
| 700 |
_aBrouwer, Jan _9216724 |
||
| 906 | _a064949 | ||
| 942 |
_2ddc _cBK |
||
| 999 |
_c142022 _d142022 |
||